[Event "Feffernitz Raika op 22nd"]
[Site "Feffernitz"]
[Date "2013.08.25"]
[Round "9"]
[White "Arztmann, Nils"]
[Black "Barucco, Mattia"]
[Result "1/2-1/2"]
[WhiteElo "1877"]
[BlackElo "2006"]
[PlyCount "72"]
[EventDate "2013.08.18"]
[EventType "swiss"]
[EventRounds "9"]
[EventCountry "AUT"]
[SourceTitle "CBM 156 Extra"]
[Source "ChessBase"]
[SourceDate "2013.10.22"]
[SourceVersion "1"]
[SourceVersionDate "2013.10.22"]
[SourceQuality "1"]

1. e4 e6 2. d4 d5 3. Nc3 Nf6 4. e5 Nfd7 5. f4 c5 6. Nf3 Nc6 7. Be3 a6 8. Qd2 b5 9. dxc5 Bxc5 10. Ne2 Bb7 11. Bxc5 Nxc5 12. Ned4 Ne4 13. Qe3 Qb6 14. Bd3 Nxd4 15. Qxd4 Qxd4 16. Nxd4 0-0 17. 0-0 Rfc8 18. c3 Nd2 19. Rf2 Nc4 20. g4 Bc6 21. Bxc4 dxc4 22. Nxc6 Rxc6 23. Rd1 Kf8 24. Rd7 Ke8 25. Rfd2 Rcc8 26. Kf2 Rd8 27. R7d6 Rxd6 28. Rxd6 Rd8 29. Rxa6 Rd2+ 30. Ke3 Rxb2 31. Ra8+ Ke7 32. Ra7+ Ke8 33. Kd4 Rxh2 34. Ra8+ Ke7 35. Ra7+ Ke8 36. Ra8+ Ke7 1/2-1/2

[Event "Feffernitz Raika op 21st"]
[Site "Feffernitz"]
[Date "2012.08.25"]
[Round "8"]
[White "Imperor, Michel"]
[Black "Barucco, Mattia"]
[Result "1-0"]
[WhiteElo "1940"]
[BlackElo "2000"]
[PlyCount "41"]
[EventDate "2012.08.19"]
[EventType "swiss"]
[EventRounds "9"]
[EventCountry "AUT"]
[SourceTitle "CBM 150 Extra"]
[Source "ChessBase"]
[SourceDate "2012.10.19"]
[SourceVersion "1"]
[SourceVersionDate "2012.10.19"]
[SourceQuality "1"]

1. d4 d5 2. Nf3 Nf6 3. c4 c6 4. cxd5 cxd5 5. Nc3 Nc6 6. Bf4 a6 7. e3 e6 8. Rc1 Be7 9. Bd3 0-0 10. h3 Bd7 11. 0-0 Na5 12. Na4 Rc8 13. Rxc8 Bxc8 14. Ne5 Nc4 15. Qc2 h6 16. Rc1 Nh5 17. Bh2 Qe8 18. Bxc4 dxc4 19. Nb6 Bd6 20. Qxc4 Bxe5 21. Bxe5 1-0

[Event "Feffernitz Raika op 21st"]
[Site "Feffernitz"]
[Date "2012.08.21"]
[Round "4"]
[White "Laustsen, Karl Johann"]
[Black "Barucco, Mattia"]
[Result "1/2-1/2"]
[WhiteElo "1840"]
[BlackElo "2000"]
[PlyCount "39"]
[EventDate "2012.08.19"]
[EventType "swiss"]
[EventRounds "9"]
[EventCountry "AUT"]
[SourceTitle "CBM 150 Extra"]
[Source "ChessBase"]
[SourceDate "2012.10.19"]
[SourceVersion "1"]
[SourceVersionDate "2012.10.19"]
[SourceQuality "1"]

1. d4 d5 2. Bf4 Nf6 3. e3 Bf5 4. c4 c6 5. Qb3 Qc8 6. Nc3 e6 7. cxd5 exd5 8. Rc1 a6 9. Nf3 Nbd7 10. Be2 Be7 11. 0-0 0-0 12. Ne5 Be6 13. Bf3 Nxe5 14. Bxe5 Ne4 15. Rfd1 Nxc3 16. Rxc3 Qd7 17. Rdc1 f6 18. Bg3 Rae8 19. Qb6 Bd8 20. Qc5 1/2-1/2

[Event "Brescia Province-ch"]
[Site "Provaglio"]
[Date "2012.03.30"]
[Round "5"]
[White "Barucco, Mattia"]
[Black "Cristiani, Cesare"]
[Result "0-1"]
[WhiteElo "1979"]
[BlackElo "2121"]
[PlyCount "82"]
[EventDate "2012.03.02"]
[EventType "swiss"]
[EventRounds "8"]
[EventCountry "ITA"]
[SourceTitle "EXT 2024"]
[Source "ChessBase"]
[SourceDate "2023.10.10"]
[SourceVersion "1"]
[SourceVersionDate "2023.10.10"]
[SourceQuality "1"]

1. Nf3 Nf6 2. d4 e6 3. e3 c5 4. b3 Nc6 5. Bb2 d5 6. Bd3 Be7 7. Nbd2 0-0 8. a3 Qb6 9. Rb1 Rd8 10. 0-0 Bd7 11. Qe2 Be8 12. Kh1 Rac8 13. Ne5 a6 14. Ndf3 Ne4 15. Nxc6 Qxc6 16. Ne5 Qc7 17. f3 Nf6 18. f4 Ne4 19. Rbc1 f6 20. Nf3 Qb6 21. Rb1 Bh5 22. Qe1 f5 23. Ne5 Qc7 24. c4 Bf6 25. Bxe4 dxe4 26. dxc5 Qxc5 27. b4 Qe7 28. c5 Rd5 29. Bd4 Rcd8 30. Qc3 Bxe5 31. Bxe5 Rd3 32. Qc1 Rd1 33. Qb2 R8d2 34. Qa1 Rxb1 35. Rxb1 Qh4 36. Bc3 Rxg2 37. Kxg2 Qg4+ 38. Kf1 Qf3+ 39. Kg1 Qxe3+ 40. Kg2 Bf3+ 41. Kg3 Bh1+ 0-1

[Event "Condino op 11th"]
[Site "Condino"]
[Date "2011.07.26"]
[Round "4"]
[White "De Santis, Alessio"]
[Black "Barucco, Mattia"]
[Result "1-0"]
[WhiteElo "2305"]
[BlackElo "1976"]
[PlyCount "45"]
[EventDate "2011.07.25"]
[EventType "swiss"]
[EventRounds "7"]
[EventCountry "ITA"]
[SourceTitle "EXT 2012"]
[Source "ChessBase"]
[SourceDate "2011.11.24"]
[SourceVersion "1"]
[SourceVersionDate "2011.11.24"]
[SourceQuality "1"]

1. d4 Nf6 2. c4 e6 3. Nc3 Bb4 4. f3 0-0 5. e4 d6 6. Nge2 e5 7. a3 Bxc3+ 8. Nxc3 Nc6 9. d5 Ne7 10. Bg5 Ne8 11. Qd2 f6 12. Bh4 Ng6 13. Bf2 f5 14. h4 Ne7 15. 0-0-0 f4 16. h5 Kh8 17. Be2 Nf6 18. g3 fxg3 19. Bxg3 a6 20. h6 g6 21. f4 Nd7 22. fxe5 dxe5 23. Bg4 1-0

[Event "Condino op 11th"]
[Site "Condino"]
[Date "2011.07.25"]
[Round "2"]
[White "Medancic, Rikard"]
[Black "Barucco, Mattia"]
[Result "1-0"]
[WhiteElo "2275"]
[BlackElo "1976"]
[PlyCount "33"]
[EventDate "2011.07.25"]
[EventType "swiss"]
[EventRounds "7"]
[EventCountry "ITA"]
[SourceTitle "EXT 2012"]
[Source "ChessBase"]
[SourceDate "2011.11.24"]
[SourceVersion "1"]
[SourceVersionDate "2011.11.24"]
[SourceQuality "1"]

1. d4 Nf6 2. Nf3 e6 3. g3 c5 4. Bg2 Nc6 5. 0-0 d5 6. c4 Be7 7. cxd5 exd5 8. Nc3 0-0 9. dxc5 Bxc5 10. Bg5 d4 11. Bxf6 Qxf6 12. Nd5 Qd6 13. Nd2 Bf5 14. Rc1 Rfd8 15. a3 a5 16. Qa4 Ra6 17. Qb5 1-0

[Event "Provaglio op 27th"]
[Site "Provaglio"]
[Date "2010.11.19"]
[Round "4"]
[White "Barucco, Mattia"]
[Black "Bettoni, Davide"]
[Result "1/2-1/2"]
[WhiteElo "1992"]
[BlackElo "1404"]
[PlyCount "50"]
[EventDate "2010.10.29"]
[EventType "swiss"]
[EventRounds "8"]
[EventCountry "ITA"]
[SourceTitle "EXT 2015"]
[Source "ChessBase"]
[SourceDate "2014.11.20"]
[SourceVersion "1"]
[SourceVersionDate "2014.11.20"]
[SourceQuality "1"]

1. e4 e5 2. Nf3 Nc6 3. Bb5 d6 4. d4 Bd7 5. 0-0 Nf6 6. Re1 a6 7. Ba4 g6 8. c3 b5 9. Bb3 Bg7 10. Nbd2 0-0 11. Nf1 Re8 12. Ng3 Qe7 13. a4 Bg4 14. d5 Na5 15. Bc2 c5 16. dxc6 Nxc6 17. h3 Bd7 18. Bg5 Rad8 19. axb5 axb5 20. Qd2 Bc8 21. Bb3 Bb7 22. Bd5 Qd7 23. Rad1 Ne7 24. Bxb7 Qxb7 25. Qd3 Nc6 1/2-1/2

[Event "Condino op"]
[Site "Condino"]
[Date "2010.07.30"]
[Round "7"]
[White "Galas, Franco"]
[Black "Barucco, Mattia"]
[Result "1/2-1/2"]
[WhiteElo "1771"]
[BlackElo "2014"]
[PlyCount "37"]
[EventDate "2010.07.26"]
[EventType "swiss"]
[EventRounds "7"]
[EventCountry "ITA"]
[SourceTitle "CBM 137 Extra"]
[Source "ChessBase"]
[SourceDate "2010.09.01"]
[SourceVersion "1"]
[SourceVersionDate "2010.09.01"]
[SourceQuality "1"]

1. d4 Nf6 2. Nf3 e6 3. e3 b6 4. c3 Bb7 5. Nbd2 d5 6. Bb5+ c6 7. Ba4 Be7 8. 0-0 0-0 9. Re1 Nbd7 10. Bc2 Qc7 11. h3 Rac8 12. e4 dxe4 13. Nxe4 c5 14. Bg5 Rfe8 15. Bh4 Nd5 16. Bg3 Qc6 17. Qe2 c4 18. Rad1 Nf8 19. Ne5 1/2-1/2

[Event "Crema op 11th"]
[Site "Crema"]
[Date "2009.09.04"]
[Round "2"]
[White "Barucco, Mattia"]
[Black "Brioschi, Camillo"]
[Result "1/2-1/2"]
[WhiteElo "1994"]
[BlackElo "1826"]
[PlyCount "81"]
[EventDate "2009.09.04"]
[EventType "swiss"]
[EventRounds "6"]
[EventCountry "ITA"]
[SourceTitle "EXT 2011"]
[Source "ChessBase"]
[SourceDate "2010.11.26"]
[SourceVersion "1"]
[SourceVersionDate "2010.11.26"]
[SourceQuality "1"]

1. e4 e5 2. Nf3 Nc6 3. Bb5 a6 4. Ba4 Nf6 5. 0-0 Nxe4 6. d4 b5 7. Bb3 d5 8. dxe5 Be6 9. c3 Bc5 10. Nbd2 0-0 11. Bc2 f5 12. exf6 Nxf6 13. Nb3 Bb6 14. Ng5 Bg4 15. Qd3 Ne5 16. Qg3 Ng6 17. Nd4 Qd7 18. h3 Bxd4 19. cxd4 Bf5 20. Bxf5 Qxf5 21. Be3 Nh5 22. Qg4 Qxg4 23. hxg4 Nf6 24. Ne6 Rf7 25. g5 Ne4 26. Rac1 Rc8 27. Rc6 Nf8 28. Rxa6 Nxe6 29. Rxe6 Rf5 30. g6 hxg6 31. Rxg6 Nd6 32. Rg5 Ra8 33. a3 Rxg5 34. Bxg5 Nc4 35. Rb1 Kf7 36. Kf1 Kg6 37. Bc1 Kf5 38. Be3 Ke4 39. Ke2 c6 40. f3+ Kf5 41. Kd3 1/2-1/2